00408nam a2200133 a 4500008004100000020001500041050002000056100002000076245006700096246005200163260004000215300001000255350000900265120416s0000 ||||||||||||||||| || u a4789002055 aD 811.A2.J3 Cri aGage, Richard L10aCries for peaceccompiled by the Youth Division of Soka Gakkai aexperiences of Japanese victims of world war II aTokyobThe Japan Timesc1974 (1978) a234p. a0.00